Introducción a la crítica literaria

-д хадгалсан:
Номзүйн дэлгэрэнгүй
Үндсэн зохиолчид: Guerin, Wilfred L (Зохиогч), Labor, Earle L (Зохиогч), Morgan, Lee (Зохиогч), Williangham, John R (Зохиогч)
Формат: Ном
Хэл сонгох:испани
Хэвлэсэн: Buenos Aires Marymar 1974
Нөхцлүүд:
Шошгууд: Шошго нэмэх
Шошго байхгүй, Энэхүү баримтыг шошголох эхний хүн болох!

MARC

LEADER 00000nam a2200000 a 4500
001 UCX4003
003 CL-VaPUC
008 920310e19740000AG |||||||||||||||||spa|d
082 0 4 |a 809  |b GUE  |2 21 
100 0 |a Guerin, Wilfred L  |e author  |9 320182 
700 0 |a Labor, Earle L  |e author  |9 320183 
700 0 |a Morgan, Lee  |e author  |9 320184 
700 0 |a Williangham, John R  |e author  |9 320185 
245 1 0 |a Introducción a la crítica literaria 
300 |a 267 p 
942 |c BK 
945 |d 19920310 00:00:00 
260 |a Buenos Aires  |b Marymar  |c 1974 
650 0 |a Crítica literaria   |9 269189 
583 |a last modification  |c 19920310 00:00:00  |k Rodrigo Vera 
999 |c 224601  |d 224599 
952 |0 0  |1 0  |4 0  |6 809_000000000000000_GUE_1974  |7 0  |8 A  |9 221343  |a BIBEDU  |b BIBEDU  |d 2019-11-15  |i 2901293  |o 809 GUE 1974  |p 2901293  |r 2019-11-15  |w 2019-11-15  |y BK  |k LIT 
952 |0 0  |1 0  |4 0  |6 809_000000000000000_GUE_1974  |7 0  |8 A  |9 221344  |a BIBEDU  |b BIBEDU  |d 2019-11-15  |i 3099881  |o 809 GUE 1974  |p 3099881  |r 2019-11-15  |w 2019-11-15  |y BK  |k LIT